00342nam a2200109Ia 4500008004100000082000800041100002000049245004500069942000600114952009700120999001500217240331s9999 xx 000 0 und d bLIV aVillalba, M. ed 0aLiving and working with migrants in Asia cL 001040708LaWERCLbWERCLcSSCd2024-03-31l0o 331.6 LIVp2776r2024-03-31w2024-03-31yL c2657d2657